| 000 | 00454nam a2200157Ia 4500 | ||
|---|---|---|---|
| 999 |
_c19414 _d19414 |
||
| 003 | OSt | ||
| 005 | 20200703114331.0 | ||
| 008 | 190216s9999||||xx |||||||||||||| ||und|| | ||
| 040 | _coclc | ||
| 082 |
_a942 _bMAH/H |
||
| 100 |
_a Mahajan, Vidya Dhar _91752 |
||
| 245 | 0 |
_aA History Of Great Britain / _cVidya Dhar Mahajan |
|
| 260 |
_bS Chand & Co, _c1978. _aNew Delhi: |
||
| 300 | _a516p | ||
| 942 |
_cBK _2ddc _h942 _iMAH/H _k942 _mMAH/H |
||